[Event "IPCA Wch 23rd"]
[Site "Gyumri"]
[Date "2024.07.26"]
[Round "8"]
[White "McConnell, Griffin Thomas"]
[Black "Soltanov, Serik"]
[Result "1/2-1/2"]
[WhiteElo "2020"]
[BlackElo "2223"]
[PlyCount "30"]
[EventDate "2024.07.20"]
[EventType "swiss"]
[EventRounds "9"]
[EventCountry "ARM"]
[SourceTitle "CBM 221 Extra"]
[Source "ChessBase"]
[SourceDate "2024.09.30"]
[SourceVersion "1"]
[SourceVersionDate "2024.09.30"]
[SourceQuality "1"]

1. e4 Nf6 2. e5 Nd5 3. d4 d6 4. Nf3 Bg4 5. Be2 c6 6. c4 Nb6 7. exd6 exd6 8. 0-0 Be7 9. Qb3 0-0 10. Be3 N8d7 11. a4 a5 12. Nc3 Re8 13. Rad1 Qc7 14. Rfe1 Nf6 15. h3 Bh5 1/2-1/2

[Event "Titled Tuesday intern op 01st Nov Late"]
[Site "Chess.com INT"]
[Date "2022.11.01"]
[Round "11"]
[White "Marchesich, Giovanni"]
[Black "McConnell, Griffin Thomas"]
[Result "1-0"]
[WhiteElo "2192"]
[BlackElo "1982"]
[PlyCount "181"]
[EventDate "2022.11.01"]
[EventType "swiss (blitz)"]
[EventRounds "11"]
[EventCountry "USA"]
[SourceTitle "EXT 2024"]
[Source "ChessBase"]
[SourceDate "2023.10.10"]
[SourceVersion "1"]
[SourceVersionDate "2023.10.10"]
[SourceQuality "1"]

1. e4 c6 2. d4 d5 3. e5 c5 4. Nf3 cxd4 5. Nxd4 Nc6 6. f4 e6 7. Be3 Nge7 8. Nc3 Bd7 9. Bd3 g6 10. 0-0 Nxd4 11. Bxd4 Nf5 12. Bf2 a6 13. Qe1 Qc7 14. g4 Ne7 15. Ne2 h5 16. g5 Nf5 17. Bxf5 exf5 18. c3 0-0-0 19. Nd4 Bc5 20. Qd2 Kb8 21. Nb3 Be7 22. Qd4 Rdf8 23. Qa7+ Kc8 24. Rad1 Bc6 25. Bb6 Qb8 26. Qxb8+ Kxb8 27. Bc5 Bxc5+ 28. Nxc5 h4 29. h3 Kc7 30. a4 Rd8 31. a5 Rhe8 32. Rd4 Re7 33. Rfd1 Ree8 34. b4 Rf8 35. Kf2 Rfe8 36. Ke3 Rf8 37. Nd3 Rd7 38. Ne1 Rh8 39. Nf3 Rh7 40. Ne1 Rh8 41. Nc2 Rhd8 42. Na1 Bb5 43. R1d2 Bc4 44. Nc2 Bb5 45. Ne1 Bf1 46. Rh2 Kc6 47. Kf2 Bc4 48. Nf3 Rh8 49. Ke1 b6 50. axb6 Kxb6 51. Rhd2 Ra7 52. e6 Re8 53. Ne5 Rxe6 54. Kf2 Rxe5 55. fxe5 Re7 56. Rxh4 Rxe5 57. Rh7 Re7 58. h4 Kb5 59. h5 gxh5 60. g6 Re8 61. gxf7 Rf8 62. Ke3 Kc6 63. Kf4 Kd6 64. Kxf5 Ke7 65. Kg6 Bb3 66. Re2+ Kd7 67. Kg7 Rxf7+ 68. Kxf7 d4+ 69. Kf6+ Kd6 70. cxd4 Kd5 71. Rxh5+ Kxd4 72. Ra5 Kc3 73. Rxa6 Kxb4 74. Rae6 Bc4 75. R2e4 Kc3 76. Rxc4+ Kxc4 77. Re5 Kd4 78. Kf5 Kc4 79. Kf4 Kd3 80. Re4 Kd2 81. Kf3 Kd3 82. Kf4 Kd2 83. Re3 Kc2 84. Ke4 Kd2 85. Kd4 Kd1 86. Kd3 Kc1 87. Re2 Kb1 88. Rh2 Ka1 89. Kc3 Kb1 90. Rg2 Ka1 91. Kb3 1-0

[Event "Titled Tuesday intern op 25th Oct Early"]
[Site "Chess.com INT"]
[Date "2022.10.25"]
[Round "3"]
[White "Aponte Rodriguez, Alejandro"]
[Black "McConnell, Griffin Thomas"]
[Result "1-0"]
[WhiteElo "2080"]
[BlackElo "1982"]
[PlyCount "87"]
[EventDate "2022.10.25"]
[EventType "swiss (blitz)"]
[EventRounds "11"]
[EventCountry "USA"]
[SourceTitle "EXT 2024"]
[Source "ChessBase"]
[SourceDate "2023.10.10"]
[SourceVersion "1"]
[SourceVersionDate "2023.10.10"]
[SourceQuality "1"]

1. d4 d5 2. Nf3 Nf6 3. c4 c6 4. Qb3 a6 5. g3 e6 6. Bg2 b5 7. cxd5 cxd5 8. 0-0 Bb7 9. a4 b4 10. a5 Nc6 11. Qa4 Qd7 12. Bf4 Be7 13. Nbd2 0-0 14. Rfc1 Rfc8 15. Nb3 Ne8 16. Nc5 Bxc5 17. Rxc5 Nd6 18. Bxd6 Qxd6 19. Rac1 f6 20. Bh3 Kf7 21. e3 Rab8 22. Bg4 Ba8 23. h4 Na7 24. Qc2 g6 25. h5 b3 26. hxg6+ hxg6 27. Rc7+ Kf8 28. Qxg6 Rxc7 29. Qxf6+ Rf7 30. Qh6+ Ke7 31. Ne5 Rbf8 32. f4 Nc6 33. Qg5+ Rf6 34. Qg7+ R8f7 35. Qg8 Nxe5 36. dxe5 Qd8 37. exf6+ Rxf6 38. Qg7+ Rf7 39. Qg5+ Rf6 40. Bh5 Qf8 41. Rc7+ Kd8 42. Ra7 Bc6 43. Qe5 Kc8 44. Qc7# 1-0

[Event "Titled Tuesday intern op 25th Oct Early"]
[Site "Chess.com INT"]
[Date "2022.10.25"]
[Round "6"]
[White "McConnell, Griffin Thomas"]
[Black "Horak, Martin"]
[Result "0-1"]
[WhiteElo "1982"]
[BlackElo "2191"]
[PlyCount "146"]
[EventDate "2022.10.25"]
[EventType "swiss (blitz)"]
[EventRounds "11"]
[EventCountry "USA"]
[SourceTitle "EXT 2024"]
[Source "ChessBase"]
[SourceDate "2023.10.10"]
[SourceVersion "1"]
[SourceVersionDate "2023.10.10"]
[SourceQuality "1"]

1. e4 e5 2. Nf3 Nc6 3. d4 exd4 4. Nxd4 Nf6 5. Nxc6 bxc6 6. e5 Qe7 7. Qe2 Nd5 8. Nd2 g6 9. g3 Bg7 10. f4 0-0 11. Bg2 f6 12. Nf3 d6 13. exf6 Qxe2+ 14. Kxe2 Bxf6 15. c3 Ba6+ 16. Kf2 Rab8 17. Re1 Rfe8 18. Rxe8+ Rxe8 19. Bf1 Bxf1 20. Kxf1 c5 21. Kf2 Nb6 22. Rb1 Na4 23. Nd2 Rb8 24. Ke3 Kf7 25. Kd3 d5 26. Kc2 c4 27. Nf3 Nc5 28. Bd2 Ne4 29. Re1 c5 30. Bc1 Nf2 31. Ne5+ Bxe5 32. Rxe5 Rd8 33. Re2 Nd3 34. b3 Re8 35. Rxe8 Kxe8 36. bxc4 dxc4 37. Be3 Kd7 38. g4 Ke6 39. h4 h5 40. gxh5 gxh5 41. a4 Kf5 42. a5 a6 43. Kd2 Ke4 44. f5 Kxf5 45. Bg5 Ke4 46. Bd8 Ne5 47. Be7 Nf3+ 48. Ke2 Kf4 49. Bd6+ Kg4 50. Bxc5 Nxh4 51. Ke3 Nf5+ 52. Ke4 h4 53. Bg1 h3 54. Kd5 Nh4 55. Bf2 h2 56. Kxc4 h1Q 57. Bd4 Qe4 58. Kc5 Nf3 59. Kb6 Nxd4 60. cxd4 Qe6+ 61. Kb7 Qd6 62. Ka7 Kf4 63. d5 Ke4 64. Kb7 Kxd5 65. Ka7 Qc6 66. Kb8 Qb5+ 67. Ka7 Qxa5 68. Kb7 Qb5+ 69. Ka7 a5 70. Ka8 a4 71. Ka7 a3 72. Ka8 a2 73. Ka7 a1Q# 0-1

[Event "Titled Tuesday intern op 04th Oct Early"]
[Site "Chess.com INT"]
[Date "2022.10.04"]
[Round "7"]
[White "Blokhin, Sofia"]
[Black "McConnell, Griffin Thomas"]
[Result "0-1"]
[WhiteElo "2105"]
[BlackElo "1982"]
[PlyCount "104"]
[EventDate "2022.10.04"]
[EventType "swiss (blitz)"]
[EventRounds "11"]
[EventCountry "USA"]
[SourceTitle "EXT 2023"]
[Source "ChessBase"]
[SourceDate "2022.10.05"]
[SourceVersion "1"]
[SourceVersionDate "2022.10.05"]
[SourceQuality "1"]

1. d4 d5 2. c4 Nc6 3. e3 e5 4. cxd5 Qxd5 5. Nc3 Bb4 6. Bd2 Bxc3 7. bxc3 Qd6 8. Nf3 Bg4 9. h3 Bh5 10. g4 Bg6 11. Bb5 f6 12. Nh4 Nge7 13. Qf3 Bf7 14. Nf5 Nxf5 15. Bxc6+ bxc6 16. gxf5 exd4 17. cxd4 Bd5 18. e4 Qe7 19. 0-0 Bf7 20. e5 Bd5 21. Qg4 fxe5 22. Bg5 Qd7 23. dxe5 0-0 24. e6 Qd6 25. Rad1 g6 26. fxg6 hxg6 27. Bh6 Rf6 28. Qg5 Qxe6 29. Rde1 Qf5 30. Re5 Qxg5+ 31. Rxg5 Kh7 32. Rg4 Kxh6 33. Rh4+ Kg7 34. Re1 Rh8 35. Re7+ Rf7 36. Rxf7+ Bxf7 37. Ra4 Ra8 38. Kg2 Bd5+ 39. Kg3 a5 40. Kf4 Kf6 41. Rd4 g5+ 42. Kg4 Be6+ 43. Kg3 a4 44. f4 gxf4+ 45. Rxf4+ Ke5 46. h4 Bxa2 47. Rf2 Be6 48. Re2+ Kf6 49. Kf4 a3 50. h5 a2 51. Rf2 a1Q 52. Ke3+ Ke7 0-1

[Event "Titled Tuesday intern op 04th Oct Early"]
[Site "Chess.com INT"]
[Date "2022.10.04"]
[Round "1"]
[White "McConnell, Griffin Thomas"]
[Black "Erdogdu, Mert"]
[Result "0-1"]
[WhiteElo "1982"]
[BlackElo "2413"]
[PlyCount "114"]
[EventDate "2022.10.04"]
[EventType "swiss (blitz)"]
[EventRounds "11"]
[EventCountry "USA"]
[SourceTitle "EXT 2023"]
[Source "ChessBase"]
[SourceDate "2022.10.05"]
[SourceVersion "1"]
[SourceVersionDate "2022.10.05"]
[SourceQuality "1"]

1. e4 c5 2. Nc3 d6 3. f4 g6 4. Nf3 Bg7 5. Bb5+ Bd7 6. Bxd7+ Qxd7 7. d3 Nc6 8. 0-0 Nf6 9. Qe1 0-0 10. Qh4 Nd4 11. Ne1 b5 12. Be3 Ng4 13. Bd2 f5 14. Nd5 e6 15. Ne3 Bf6 16. Qh3 h5 17. c3 Nc6 18. Qf3 Bg7 19. h3 Nf6 20. g4 hxg4 21. hxg4 fxe4 22. dxe4 d5 23. exd5 exd5 24. Rd1 d4 25. Bc1 Rad8 26. g5 Nh5 27. Ng4 Qd5 28. Qxd5+ Rxd5 29. Ng2 Ng3 30. Rfe1 Rfd8 31. Kf2 Nf5 32. cxd4 Rxd4 33. Rxd4 Bxd4+ 34. N4e3 Kf7 35. Kf3 Rh8 36. Nxf5 gxf5 37. Ne3 Kg6 38. Nd5 Kf7 39. Ne3 Ne7 40. Kg2 Rh4 41. Kg3 Rh8 42. Ng2 c4 43. b3 c3 44. Ne3 a5 45. Re2 Rh1 46. Ba3 b4 47. Nc2 Bg7 48. Bxb4 axb4 49. Nxb4 Rb1 50. Rc2 Rb2 51. Kf3 Nc6 52. Rxc3 Bxc3 53. Nxc6 Rxa2 54. Ke3 Rb2 55. Kd3 Bd2 56. Kc4 Bxf4 57. Ne5+ Bxe5 0-1

[Event "Titled Tuesday intern op 04th Oct Early"]
[Site "Chess.com INT"]
[Date "2022.10.04"]
[Round "11"]
[White "McConnell, Griffin Thomas"]
[Black "Jiganchine, Roman"]
[Result "1-0"]
[WhiteElo "1982"]
[BlackElo "2205"]
[PlyCount "55"]
[EventDate "2022.10.04"]
[EventType "swiss (blitz)"]
[EventRounds "11"]
[EventCountry "USA"]
[SourceTitle "EXT 2023"]
[Source "ChessBase"]
[SourceDate "2022.10.05"]
[SourceVersion "1"]
[SourceVersionDate "2022.10.05"]
[SourceQuality "1"]

1. e4 c6 2. d3 d5 3. Nd2 e5 4. g3 Nf6 5. Bg2 Bd6 6. Ne2 0-0 7. 0-0 Re8 8. b3 Nbd7 9. a4 Nf8 10. h3 a5 11. Kh2 Bc7 12. Bb2 b5 13. c4 bxc4 14. bxc4 Rb8 15. Ba3 Ba6 16. Qc2 Ne6 17. Rfc1 dxc4 18. Nxc4 Nd4 19. Nxd4 Qxd4 20. Bb2 Qd7 21. Bc3 Bxc4 22. dxc4 Qe6 23. Bd2 h5 24. Be3 h4 25. c5 Rb4 26. Bd2 Rc4 27. Qxc4 Qxc4 28. Rxc4 1-0

[Event "Titled Tuesday intern op 04th Oct Early"]
[Site "Chess.com INT"]
[Date "2022.10.04"]
[Round "6"]
[White "McConnell, Griffin Thomas"]
[Black "Terzi, Alexei"]
[Result "0-1"]
[WhiteElo "1982"]
[BlackElo "2272"]
[PlyCount "154"]
[EventDate "2022.10.04"]
[EventType "swiss (blitz)"]
[EventRounds "11"]
[EventCountry "USA"]
[SourceTitle "EXT 2023"]
[Source "ChessBase"]
[SourceDate "2022.10.05"]
[SourceVersion "1"]
[SourceVersionDate "2022.10.05"]
[SourceQuality "1"]

1. e4 c5 2. Nc3 Nc6 3. Bb5 Nd4 4. Bc4 e6 5. Nf3 Ne7 6. 0-0 Nec6 7. d3 Be7 8. Be3 0-0 9. Ne1 a6 10. a4 Rb8 11. Ne2 b5 12. axb5 axb5 13. Ba2 Nxe2+ 14. Qxe2 d5 15. exd5 exd5 16. c3 Re8 17. Qd2 Bf5 18. d4 c4 19. Bb1 Bxb1 20. Rxb1 Bd6 21. f4 Qe7 22. Rf3 b4 23. Rc1 Qe4 24. Kf2 Ra8 25. Qc2 Ra2 26. Qe2 f5 27. Rc2 Rb8 28. Bc1 b3 29. Rd2 Ra1 30. Rd1 Re8 31. Be3 Rea8 32. g3 Nb8 33. Qd2 Nd7 34. Ng2 Nf6 35. h3 Qc2 36. Qxc2 bxc2 37. Rc1 Rxc1 38. Bxc1 Ra1 39. Bd2 c1Q 40. Bxc1 Rxc1 41. Re3 Ne4+ 42. Ke2 Rc2+ 43. Kd1 Rxb2 44. Ne1 Nxc3+ 45. Rxc3 Bb4 46. Rc2 Rb1+ 47. Ke2 Rxe1+ 48. Kf3 Rb1 49. g4 fxg4+ 50. Kxg4 c3 51. Kf5 Rb2 52. Rc1 c2 53. Rg1 Bd2 54. Ke6 c1Q 55. Rxc1 Bxc1 56. f5 Bg5 57. h4 Rb6+ 58. Kxd5 Bxh4 59. Ke4 Bf6 60. d5 Rd6 61. Kf4 Rxd5 62. Kg4 h6 63. Kh5 Rxf5+ 64. Kg4 Rg5+ 65. Kh4 Kf7 66. Kh3 Ke6 67. Kh4 Kf5 68. Kh3 Kf4 69. Kh4 Rg4+ 70. Kh3 Be5 71. Kh2 Kf3+ 72. Kh3 Bf6 73. Kh2 Bd8 74. Kh3 g6 75. Kh2 Kf2 76. Kh3 h5 77. Kh2 Rh4# 0-1

[Event "Titled Tuesday intern op 20th Sep Early"]
[Site "Chess.com INT"]
[Date "2022.09.20"]
[Round "3"]
[White "Abrahamyan, Tatev"]
[Black "McConnell, Griffin Thomas"]
[Result "1-0"]
[WhiteElo "2308"]
[BlackElo "1982"]
[PlyCount "149"]
[EventDate "2022.09.20"]
[EventType "swiss (blitz)"]
[EventRounds "11"]
[EventCountry "USA"]
[SourceTitle "EXT 2023"]
[Source "ChessBase"]
[SourceDate "2022.10.05"]
[SourceVersion "1"]
[SourceVersionDate "2022.10.05"]
[SourceQuality "1"]

1. e4 c6 2. d4 d5 3. Nc3 dxe4 4. Nxe4 Bf5 5. Ng3 Bg6 6. h4 h6 7. Nf3 Nd7 8. h5 Bh7 9. Bd3 Bxd3 10. Qxd3 e6 11. Bd2 Ngf6 12. 0-0-0 Qc7 13. Kb1 0-0-0 14. Ne4 Be7 15. c4 c5 16. Nxf6 Bxf6 17. d5 Nb6 18. Ba5 Qf4 19. g3 Qg4 20. Bxb6 axb6 21. d6 Rd7 22. Nd2 Bd4 23. Ne4 f5 24. Nc3 Bxc3 25. Qxc3 Rhd8 26. Qe5 Qg5 27. Rd3 Qf6 28. f4 Qxe5 29. fxe5 Rf7 30. Rf1 Kd7 31. Kc2 Rdf8 32. Kd2 g6 33. hxg6 Rg7 34. Rh1 Rxg6 35. Ke2 Rfg8 36. Kf2 Rh8 37. Rh5 Rg4 38. b3 Re4 39. Re3 Rg4 40. Rf3 Re4 41. Rf4 Rxe5 42. Rfh4 Kxd6 43. Rxh6 Ra8 44. a4 b5 45. cxb5 Re4 46. Rxe4 fxe4 47. Ke3 c4 48. bxc4 Rxa4 49. Kd4 e3 50. Rh5 e2 51. Rh1 Ra2 52. Re1 Rc2 53. Kd3 Ra2 54. Rxe2 Ra3+ 55. Kd4 Rf3 56. c5+ Kd7 57. Rg2 Rf1 58. g4 Rd1+ 59. Ke5 Re1+ 60. Kf6 Rf1+ 61. Kg7 Ke7 62. g5 Rf5 63. g6 Rxc5 64. Rb2 e5 65. Kh7 e4 66. g7 Rh5+ 67. Kg8 Rg5 68. Rc2 Rxb5 69. Rc4 Re5 70. Kh7 Rh5+ 71. Kg6 Rh1 72. Rxe4+ Kd6 73. g8Q Rg1+ 74. Kf7 Rg5 75. Qxg5 1-0

[Event "Titled Tuesday intern op 20th Sep Early"]
[Site "Chess.com INT"]
[Date "2022.09.20"]
[Round "4"]
[White "Batbold, Nyamsuren"]
[Black "McConnell, Griffin Thomas"]
[Result "0-1"]
[WhiteElo "2156"]
[BlackElo "1982"]
[PlyCount "66"]
[EventDate "2022.09.20"]
[EventType "swiss (blitz)"]
[EventRounds "11"]
[EventCountry "USA"]
[SourceTitle "EXT 2023"]
[Source "ChessBase"]
[SourceDate "2022.10.05"]
[SourceVersion "1"]
[SourceVersionDate "2022.10.05"]
[SourceQuality "1"]

1. Nf3 Nf6 2. g3 c5 3. Bg2 d5 4. 0-0 Nc6 5. d3 e5 6. c3 Bd6 7. Qd2 0-0 8. Qc2 Bf5 9. Nbd2 Bg6 10. Nh4 Rc8 11. Nxg6 hxg6 12. e4 d4 13. Nc4 Bc7 14. Bg5 b5 15. Nd2 Qd6 16. f4 Ng4 17. fxe5 Ncxe5 18. Nf3 Nxf3+ 19. Bxf3 Ne5 20. Bf4 f6 21. Bxe5 Qxe5 22. c4 b4 23. Rae1 a5 24. Qa4 Rf7 25. Bg4 Rcf8 26. Qc6 Re7 27. Kg2 Qd6 28. Qd5+ Kh7 29. Bd1 Re5 30. Qb7 Rb8 31. Qa7 Re7 32. Ba4 Bd8 33. e5 fxe5 0-1

[Event "Titled Tuesday intern op 20th Sep Early"]
[Site "Chess.com INT"]
[Date "2022.09.20"]
[Round "7"]
[White "McConnell, Griffin Thomas"]
[Black "Herman, Daniel"]
[Result "1-0"]
[WhiteElo "1982"]
[BlackElo "1957"]
[PlyCount "89"]
[EventDate "2022.09.20"]
[EventType "swiss (blitz)"]
[EventRounds "11"]
[EventCountry "USA"]
[SourceTitle "EXT 2023"]
[Source "ChessBase"]
[SourceDate "2022.10.05"]
[SourceVersion "1"]
[SourceVersionDate "2022.10.05"]
[SourceQuality "1"]

1. e4 c5 2. Nc3 Nc6 3. Bb5 Nd4 4. Bc4 e6 5. Nge2 Nf6 6. 0-0 d5 7. exd5 exd5 8. Nxd5 Bd6 9. f4 0-0 10. Nxd4 cxd4 11. Nxf6+ Qxf6 12. d3 b5 13. Bd5 Rb8 14. Qf3 Bd7 15. Bd2 Rbc8 16. Rac1 Rc7 17. Rf2 Rfc8 18. Ba5 Rc5 19. Bb4 Rxd5 20. Qxd5 Bxb4 21. Qxd7 Qc6 22. Qxc6 Rxc6 23. a3 Bd6 24. g3 f5 25. Re2 Kf7 26. Kf2 a5 27. Ke1 b4 28. axb4 Bxb4+ 29. Kd1 h6 30. Re5 g6 31. c3 dxc3 32. bxc3 Rxc3 33. Rxc3 Bxc3 34. Rc5 Bb4 35. Rc6 a4 36. Kc2 a3 37. Kb3 Bf8 38. Ra6 g5 39. Kc4 gxf4 40. gxf4 h5 41. h3 Ke8 42. Kd5 Kd7 43. Ra7+ Ke8 44. Ke6 Bc5 45. Ra8# 1-0

[Event "Titled Tuesday intern op 20th Sep Early"]
[Site "Chess.com INT"]
[Date "2022.09.20"]
[Round "9"]
[White "Mitrovic, Darko R"]
[Black "McConnell, Griffin Thomas"]
[Result "1-0"]
[WhiteElo "2223"]
[BlackElo "1982"]
[PlyCount "69"]
[EventDate "2022.09.20"]
[EventType "swiss (blitz)"]
[EventRounds "11"]
[EventCountry "USA"]
[SourceTitle "EXT 2023"]
[Source "ChessBase"]
[SourceDate "2022.10.05"]
[SourceVersion "1"]
[SourceVersionDate "2022.10.05"]
[SourceQuality "1"]

1. d4 d5 2. c4 Nf6 3. cxd5 Nxd5 4. e4 Nf6 5. Nc3 e6 6. Nf3 c5 7. d5 exd5 8. exd5 Bd6 9. Bb5+ Bd7 10. Bxd7+ Qxd7 11. Bg5 0-0 12. Bxf6 gxf6 13. 0-0 a6 14. a4 Qf5 15. Qb1 Qf4 16. Qd3 Nd7 17. g3 Qh6 18. Nh4 Ne5 19. Qc2 Rad8 20. f4 Ng4 21. Rae1 Rfe8 22. h3 Ne3 23. Rxe3 Rxe3 24. Nf5 Qxh3 25. Nxe3 Kh8 26. Qg2 Qd7 27. Kf2 Rg8 28. Qh2 c4 29. Rh1 Rg7 30. Qh6 Qe7 31. Qxg7+ Kxg7 32. Nf5+ Kf8 33. Nxe7 Kxe7 34. Rxh7 Bc5+ 35. Kf3 1-0

[Event "Titled Tuesday intern op 13th Sep Early"]
[Site "Chess.com INT"]
[Date "2022.09.13"]
[Round "6"]
[White "Arias, Juan Cruz"]
[Black "McConnell, Griffin Thomas"]
[Result "1-0"]
[WhiteElo "2302"]
[BlackElo "1982"]
[PlyCount "123"]
[EventDate "2022.09.13"]
[EventType "swiss (blitz)"]
[EventRounds "11"]
[EventCountry "USA"]
[SourceTitle "EXT 2023"]
[Source "ChessBase"]
[SourceDate "2022.10.05"]
[SourceVersion "1"]
[SourceVersionDate "2022.10.05"]
[SourceQuality "1"]

1. d4 d6 2. e4 g6 3. Nf3 Bg7 4. Bg5 Nc6 5. c3 h6 6. Bh4 Nf6 7. Nbd2 e5 8. dxe5 dxe5 9. Be2 Qe7 10. 0-0 g5 11. Bg3 Bg4 12. Nxe5 Bxe2 13. Nxc6 Bxd1 14. Nxe7 Kxe7 15. Raxd1 c6 16. f3 Rhd8 17. Nc4 Nh5 18. Ne3 Nxg3 19. hxg3 Bf8 20. Nf5+ Ke6 21. Kf2 h5 22. Ke2 Bc5 23. Rh1 Rxd1 24. Kxd1 Rd8+ 25. Ke2 Rh8 26. Rxh5 Rxh5 27. Ng7+ Ke5 28. Nxh5 Bf8 29. g4 b5 30. Ng3 f6 31. Nf5 a5 32. g3 a4 33. Kd3 Bc5 34. b3 axb3 35. axb3 Bf2 36. Ke2 Bc5 37. Ne3 Bb6 38. Nc2 c5 39. Ne1 c4 40. bxc4 bxc4 41. Nc2 Ba5 42. Kd2 Bb6 43. Ne3 Ke6 44. Nxc4 Bf2 45. Kd3 Bxg3 46. Ne3 Bc7 47. Nd5 Bd8 48. c4 Ke5 49. c5 Ba5 50. c6 Kd6 51. c7 Bxc7 52. Nxc7 Kxc7 53. e5 fxe5 54. Ke4 Kd6 55. Kf5 Kd5 56. Kxg5 Ke6 57. Kg6 e4 58. fxe4 Ke5 59. g5 Kxe4 60. Kh6 Ke5 61. g6 Kf6 62. Kh7 1-0

[Event "Titled Tuesday intern op 13th Sep Early"]
[Site "Chess.com INT"]
[Date "2022.09.13"]
[Round "8"]
[White "Arnaudov, Petar G"]
[Black "McConnell, Griffin Thomas"]
[Result "1-0"]
[WhiteElo "2472"]
[BlackElo "1982"]
[PlyCount "187"]
[EventDate "2022.09.13"]
[EventType "swiss (blitz)"]
[EventRounds "11"]
[EventCountry "USA"]
[SourceTitle "EXT 2023"]
[Source "ChessBase"]
[SourceDate "2022.10.05"]
[SourceVersion "1"]
[SourceVersionDate "2022.10.05"]
[SourceQuality "1"]

1. d4 d5 2. Bf4 Nf6 3. e3 c5 4. Nf3 Nc6 5. Nbd2 Bg4 6. c3 e6 7. h3 Bxf3 8. Nxf3 c4 9. g4 Bd6 10. Bg2 h6 11. g5 hxg5 12. Bxg5 Qb6 13. Rb1 Ne4 14. Bf4 Bxf4 15. exf4 g6 16. Qc1 Qc7 17. Ne5 Nd6 18. 0-0 Nf5 19. b3 Nxe5 20. fxe5 cxb3 21. axb3 Rc8 22. Qa3 b6 23. Rfc1 Qe7 24. Qxe7+ Kxe7 25. Kf1 Rc7 26. Ke2 Rhc8 27. Kd3 a5 28. Rc2 g5 29. Rbc1 Nh4 30. Bf1 Ng6 31. Ke3 Nf4 32. h4 Ng6 33. hxg5 Rh8 34. f4 Nh4 35. Bd3 Rcc8 36. Rf1 Rc7 37. Rff2 Rhc8 38. Rh2 Nf5+ 39. Bxf5 exf5 40. Kd3 b5 41. Rhd2 b4 42. cxb4 axb4 43. Rxc7+ Rxc7 44. Ke3 Rc3+ 45. Rd3 Rc2 46. Kf3 Ke6 47. Kg3 Rb2 48. Kf3 Rb1 49. Ke2 Rb2+ 50. Ke3 Rb1 51. Kd2 Rb2+ 52. Ke1 Rb1+ 53. Kd2 Rb2+ 54. Kd1 Rb1+ 55. Kc2 Rf1 56. Rg3 Rxf4 57. g6 fxg6 58. Rxg6+ Ke7 59. Rg7+ Ke6 60. Rg6+ Ke7 61. Rf6 Rxd4 62. Rxf5 Ke6 63. Rh5 Re4 64. Kd3 Rxe5 65. Rh6+ Kf5 66. Kd4 Kg5 67. Rd6 Re4+ 68. Kc5 Re3 69. Kxb4 Rd3 70. Ka4 Kf4 71. b4 Ke4 72. b5 Rd1 73. Re6+ Kd4 74. b6 Ra1+ 75. Kb5 Rb1+ 76. Kc6 Kc4 77. Kc7 d4 78. Rc6+ Kd3 79. b7 Ke2 80. Rb6 Rxb6 81. Kxb6 d3 82. b8Q d2 83. Qe5+ Kf1 84. Qf4+ Ke1 85. Qe3+ Kd1 86. Kc5 Kc2 87. Qe4+ Kc1 88. Qc4+ Kb2 89. Qd3 Kc1 90. Qc3+ Kd1 91. Kd4 Ke2 92. Qd3+ Ke1 93. Qe3+ Kd1 94. Kc3 1-0

[Event "Titled Tuesday intern op 13th Sep Early"]
[Site "Chess.com INT"]
[Date "2022.09.13"]
[Round "7"]
[White "McConnell, Griffin Thomas"]
[Black "Aaditya, Dhingra"]
[Result "1/2-1/2"]
[WhiteElo "1982"]
[BlackElo "2178"]
[PlyCount "102"]
[EventDate "2022.09.13"]
[EventType "swiss (blitz)"]
[EventRounds "11"]
[EventCountry "USA"]
[SourceTitle "EXT 2023"]
[Source "ChessBase"]
[SourceDate "2022.10.05"]
[SourceVersion "1"]
[SourceVersionDate "2022.10.05"]
[SourceQuality "1"]

1. e4 c5 2. Nc3 e6 3. Nge2 a6 4. g3 b5 5. Bg2 Bb7 6. d3 d6 7. 0-0 g6 8. Be3 Bg7 9. Qd2 Nc6 10. f4 Nge7 11. g4 f5 12. exf5 gxf5 13. Ng3 0-0 14. gxf5 Nxf5 15. Nxf5 Rxf5 16. Rae1 Qd7 17. Qf2 Nd4 18. Ne4 Raf8 19. c3 Nc6 20. Qh4 h6 21. Ng3 R5f7 22. Nh5 Ne7 23. Nxg7 Rxg7 24. Rf2 Nf5 25. Qh3 Kh7 26. Kf1 Bxg2+ 27. Rxg2 Rfg8 28. Rxg7+ Qxg7 29. Bf2 Qg6 30. Ke2 c4 31. Rg1 Qf7 32. Rxg8 Qxg8 33. dxc4 bxc4 34. Qf3 d5 35. Qh5 Qg6 36. Qxg6+ Kxg6 37. Kf3 Nd6 38. b4 Kf5 39. a4 Ne4 40. Bd4 Nd2+ 41. Ke2 Ne4 42. Kf3 Nd6 43. h4 h5 44. Be5 Ne4 45. b5 axb5 46. axb5 Nc5 47. b6 Nb7 48. Bd4 Nd6 49. Be5 Nb7 50. Bd4 Na5 51. Be5 Nb7 1/2-1/2

[Event "Titled Tuesday intern op 06th Sep Early"]
[Site "Chess.com INT"]
[Date "2022.09.06"]
[Round "1"]
[White "Averjanov, Alexey"]
[Black "McConnell, Griffin Thomas"]
[Result "1/2-1/2"]
[WhiteElo "2399"]
[BlackElo "1982"]
[PlyCount "164"]
[EventDate "2022.09.06"]
[EventType "swiss (blitz)"]
[EventRounds "11"]
[EventCountry "USA"]
[SourceTitle "EXT 2023"]
[Source "ChessBase"]
[SourceDate "2022.10.05"]
[SourceVersion "1"]
[SourceVersionDate "2022.10.05"]
[SourceQuality "1"]

1. d4 d5 2. c4 Nc6 3. cxd5 Qxd5 4. e3 e5 5. Nc3 Bb4 6. Bd2 Bxc3 7. Bxc3 exd4 8. Ne2 Nge7 9. Nxd4 Bd7 10. Nxc6 Bxc6 11. Qxd5 Bxd5 12. Bxg7 Rg8 13. Bc3 0-0-0 14. f3 Kb8 15. e4 Be6 16. b3 f5 17. exf5 Nxf5 18. Rd1 Rxd1+ 19. Kxd1 Ne3+ 20. Ke2 Nxg2 21. Rg1 Nf4+ 22. Kf2 Rxg1 23. Kxg1 Nd5 24. Bd2 c5 25. Kf2 Kc7 26. Bd3 h5 27. Kg3 Kd6 28. Kh4 Ke5 29. Kxh5 Nf4+ 30. Bxf4+ Kxf4 31. Be4 b5 32. h4 c4 33. bxc4 bxc4 34. Kg6 c3 35. h5 Bd5 36. h6 Bxe4+ 37. fxe4 c2 38. h7 c1Q 39. h8Q Qg1+ 40. Kf7 Kxe4 41. Qa8+ Ke5 42. Qb8+ Kd5 43. Qb3+ Kc6 44. Qa4+ Kb7 45. Qd7+ Kb6 46. Qd8+ Kb7 47. Qd5+ Kb6 48. Qe6+ Kb7 49. Qe4+ Kb6 50. Qb4+ Kc7 51. Qc3+ Kb7 52. Qf3+ Kb6 53. Qf6+ Kb7 54. Qb2+ Qb6 55. Qg2+ Qc6 56. Qb2+ Kc7 57. Qe5+ Kb7 58. Qe2 Qd5+ 59. Kf6 Qc6+ 60. Kf5 Qc5+ 61. Kf4 Qf8+ 62. Kg3 Qg7+ 63. Kf2 Qf6+ 64. Ke1 Qa1+ 65. Kf2 Qf6+ 66. Kg2 Qg5+ 67. Kh3 Qh6+ 68. Kg4 Qg7+ 69. Kf5 Qf7+ 70. Kg5 Qg7+ 71. Kh5 Qh7+ 72. Kg4 Qg6+ 73. Kh4 Qh6+ 74. Kg3 Qg5+ 75. Kh3 Qh6+ 76. Kg2 Qg5+ 77. Kh2 Qh4+ 78. Kg1 Qg3+ 79. Kf1 Qf4+ 80. Ke1 Qc1+ 81. Kf2 Qf4+ 82. Kg2 Qg5+ 1/2-1/2

[Event "Titled Tuesday intern op 06th Sep Early"]
[Site "Chess.com INT"]
[Date "2022.09.06"]
[Round "9"]
[White "Balabayeva, Kseniya"]
[Black "McConnell, Griffin Thomas"]
[Result "0-1"]
[WhiteElo "2220"]
[BlackElo "1982"]
[PlyCount "58"]
[EventDate "2022.09.06"]
[EventType "swiss (blitz)"]
[EventRounds "11"]
[EventCountry "USA"]
[SourceTitle "EXT 2023"]
[Source "ChessBase"]
[SourceDate "2022.10.05"]
[SourceVersion "1"]
[SourceVersionDate "2022.10.05"]
[SourceQuality "1"]

1. e4 c6 2. d4 d5 3. Nd2 dxe4 4. Nxe4 Bf5 5. Ng3 Bg6 6. Nf3 Nd7 7. h4 h6 8. h5 Bh7 9. Bd3 Bxd3 10. Qxd3 e6 11. Bd2 Ngf6 12. 0-0-0 Qc7 13. Ne4 0-0-0 14. Nxf6 Nxf6 15. Qe2 Bd6 16. Rh4 Nd5 17. g3 b5 18. Ne5 Bxe5 19. dxe5 Nb6 20. Rg4 Rhg8 21. b3 Nd5 22. c4 Ne7 23. cxb5 cxb5+ 24. Kb1 Qb7 25. Bb4 Rxd1+ 26. Qxd1 Nd5 27. Bd6 Nc3+ 28. Kc2 Nxd1 29. Kxd1 Qf3+ 0-1